000 00815nam a22002177a 4500
999 _c52025
_d52025
005 20251125233022.0
008 s2550 th tha d
020 _a9745211859
040 _aNALT
041 _atha
090 _aKP 115
_bผ931 2550
245 0 0 _aแผนจัดการคุณภาพสิ่งแวดล้อม พ.ศ. 2550-2554 .
260 _aกรุงเทพฯ :
_bสูตรไพศาล,
_c2550.
300 _a191 หน้า :
_bตาราง ;
_c26 ซม.
650 4 _aกฎหมายสิ่งแวดล้อม
_931013
_zไทย
650 _aการจัดการสิ่งแวดล้อม
_91998
_zไทย
850 _aNALT
856 4 0 _uhttps://hdl.handle.net/20.500.14156/444943
_71
942 _cLB
_2local